[Event "Znojemska rotunda 2001"]
[Site "?"]
[Date "2001.08.21"]
[Round "5"]
[White "Antos J."]
[Black "Antos O."]
[Result "1/2-1/2"]
[WhiteElo "1680"]
[BlackElo "1750"]
[PlyCount "116"]

1. e4 e5 2. Nf3 Nc6 3. Bb5 a6 4. Ba4 Nf6 5. O-O b5 6. Bb3 Be7 7. Re1 O-O 8. c3
Na5 9. Nxe5 Nxb3 10. axb3 d6 11. Nc6 Qd7 12. Nxe7+ Qxe7 13. d3 Bg4 14. f3 Bd7
15. Be3 h6 16. Nd2 c5 17. Nf1 Bc6 18. Ng3 Bd7 19. Qd2 Nh7 20. f4 f6 21. f5 Be8
22. Qe2 Bf7 23. Qg4 Kh8 24. h4 Rg8 25. Ne2 Bxb3 26. Nf4 Bf7 27. h5 Ng5 28. Ng6+
Bxg6 29. hxg6 a5 30. Bxg5 fxg5 31. Re3 Rgf8 32. Rh3 Kg8 33. d4 Rf6 34. Re3 Qd7
35. Qf3 Ra7 36. g4 Qb7 37. Kg2 a4 38. e5 Qxf3+ 39. Kxf3 dxe5 40. dxe5 Rf8 41.
Rd3 Raa8 42. Rd5 Rac8 43. Rad1 b4 44. cxb4 cxb4 45. Ra5 a3 46. bxa3 Rc3+ 47.
Ke2 Rxa3 48. Rxa3 bxa3 49. Ra1 Ra8 50. e6 Kf8 51. Kd3 Ke7 52. Kc4 Ra4+ 53. Kd5
Ra5+ 54. Ke4 Kf6 55. Kf3 a2 56. Kg3 Ra3+ 57. Kg2 Ra4 58. Kg3 Ra3+ 1/2-1/2

[Event "Znojemska rotunda 2001"]
[Site "?"]
[Date "2001.08.21"]
[Round "5"]
[White "Dvorak M."]
[Black "Spilka J."]
[Result "1-0"]
[WhiteElo "1548"]
[BlackElo "1550"]
[PlyCount "53"]

1. d4 Nf6 2. c4 g6 3. Nc3 c6 4. e4 e6 5. e5 Nh5 6. Be2 Ng7 7. Nf3 Be7 8. g4 d6
9. Bh6 O-O 10. h4 f6 11. exf6 Bxf6 12. Bxg7 Kxg7 13. h5 h6 14. hxg6 Kxg6 15.
Qd3+ Kg7 16. O-O-O Bg5+ 17. Kb1 Na6 18. a3 d5 19. Ne5 Qf6 20. Rh5 Rh8 21. Rf1
Nb8 22. Rh3 Nd7 23. Rf3 Bf4 24. Nxd7 Bxd7 25. cxd5 exd5 26. Rg1 Qg5 27. Rh3 {
Pro rozpory v zapisu obou hracu nebylo mozne dalsi prubeh partiezrekonstruovat.
Partie skoncila po 60. tahu cerneho.} 1-0

[Event "Znojemska rotunda 2001"]
[Site "?"]
[Date "2001.08.21"]
[Round "5"]
[White "Kosik J."]
[Black "Gutdeutsch O."]
[Result "0-1"]
[WhiteElo "1377"]
[BlackElo "2063"]
[PlyCount "78"]

1. e4 e5 2. Nf3 Nc6 3. d4 exd4 4. Nxd4 Bc5 5. Be3 Bb6 6. Nxc6 bxc6 7. Bxb6 axb6
8. Nc3 Qe7 9. Bd3 b5 10. O-O b4 11. Ne2 Nf6 12. Re1 O-O 13. Ng3 Qe5 14. b3 g6
15. Qc1 d6 16. a4 bxa3 17. Rxa3 Be6 18. Kh1 Qc3 19. Rxa8 Rxa8 20. Rf1 Ra5 21.
f4 Nh5 22. Ne2 Qg7 23. Qd2 Ra1 24. Rg1 Rxg1+ 25. Kxg1 f5 26. Bc4 Bxc4 27. bxc4
Qa1+ 28. Kf2 Nf6 29. Ke3 Ng4+ 30. Kd3 Nf2+ 31. Ke3 Ng4+ 32. Kd3 fxe4+ 33. Kxe4
Qf1 34. Ng3 Qxc4+ 35. Kf3 Nxh2+ 36. Ke3 d5 37. Qd3 Qc5+ 38. Qd4 Qxc2 39. Qf6
Ng4+ 0-1

[Event "Znojemska rotunda 2001"]
[Site "?"]
[Date "2001.08.21"]
[Round "5"]
[White "Macoun V."]
[Black "Rulfova Z."]
[Result "0-1"]
[WhiteElo "1550"]
[BlackElo "1350"]
[PlyCount "116"]

1. e4 e5 2. Nf3 Nc6 3. Bc4 Bc5 4. O-O Nf6 5. d3 O-O 6. Bg5 Be7 7. Nc3 d6 8. h3
a6 9. Nd5 Nxd5 10. Bxe7 Ndxe7 11. c3 d5 12. exd5 Nxd5 13. Re1 Re8 14. Qe2 b5
15. Bb3 Nf4 16. Qe4 Bb7 17. Nxe5 Rxe5 18. Qxf4 Rxe1+ 19. Rxe1 Qf8 20. Qxc7 Rb8
21. Bd5 Na5 22. Bxf7+ Kh8 23. Re7 Rc8 24. Qd7 Nc6 25. Re8 Rxe8 26. Bxe8 Na5 27.
b4 Bc6 28. Qf7 Qxe8 29. Qxe8+ Bxe8 30. bxa5 Kg8 31. Kf1 Kf7 32. Ke2 Ke6 33. a3
Kd5 34. Kd2 h6 35. Kc2 Kc5 36. Kd2 Bc6 37. g3 g5 38. Ke2 Kd5 39. Ke3 Ke5 40.
Ke2 h5 41. Ke3 Kd5 42. Kf3 Ke5+ 43. Ke3 Kd5 44. Kd2 Kc5 45. Kc2 Bg2 46. h4 gxh4
47. gxh4 Bd5 48. Kd2 Kd6 49. Ke3 Ke5 50. f3 Kf5 51. d4 Be6 52. f4 Bd5 53. Kd3
Kxf4 54. a4 bxa4 55. c4 a3 56. cxd5 a2 57. d6 a1=Q 58. d7 Qxa5 0-1

[Event "Znojemska rotunda 2001"]
[Site "?"]
[Date "2001.08.21"]
[Round "5"]
[White "Blazek M."]
[Black "Svoboda J. st."]
[Result "0-1"]
[WhiteElo "2116"]
[BlackElo "1726"]
[PlyCount "78"]

1. e4 Nf6 2. e5 Nd5 3. d4 d6 4. c4 Nb6 5. f4 dxe5 6. fxe5 Nc6 7. Be3 Bf5 8. Nc3
e6 9. Nf3 Be7 10. d5 Nb4 11. Nd4 Bg6 12. a3 c5 13. axb4 cxd4 14. Bxd4 Bxb4 15.
Be2 O-O 16. d6 Qg5 17. O-O Nd7 18. Bf3 Nxe5 19. Bxb7 Rab8 20. Rxa7 Nxc4 21. d7
Bxc3 22. bxc3 Rxb7 23. Rxb7 Be4 24. Qe2 Bxb7 25. h4 Qd2 26. Qg4 e5 27. Bc5 Ne3
28. Qg5 h6 29. Bxe3 Qxd7 30. Qxe5 Qg4 31. g3 Qh3 32. Kf2 Qg2+ 33. Ke1 Ra8 34.
Rf2 Ra1+ 35. Kd2 Ra2+ 36. Kd3 Ba6+ 37. c4 Rxf2 38. Qe8+ Kh7 39. Qe4+ Qxe4+ 0-1

[Event "Znojemska rotunda 2001"]
[Site "?"]
[Date "2001.08.21"]
[Round "5"]
[White "Jurica P."]
[Black "Voborny D."]
[Result "1/2-1/2"]
[WhiteElo "2140"]
[BlackElo "1703"]
[PlyCount "84"]

1. Nf3 d5 2. g3 Nf6 3. Bg2 Bf5 4. c4 c6 5. O-O Nbd7 6. cxd5 cxd5 7. Nc3 e6 8.
d4 Be7 9. Bf4 O-O 10. Rc1 a6 11. Qb3 Nb6 12. Bc7 Qxc7 13. Nxd5 Nbxd5 14. Rxc7
Nxc7 15. Nh4 Be4 16. Bxe4 Nxe4 17. Qxb7 Nd5 18. Rc1 Nd6 19. Qd7 Rfd8 20. Qa4
Nb6 21. Qa5 Ndc4 22. Qc3 Rac8 23. b3 Nd5 24. Qa1 Na3 25. Nf3 Nc2 26. Qb1 Ncb4
27. a3 Nc3 28. Rxc3 Rxc3 29. axb4 Bxb4 30. Ng5 g6 31. Ne4 Rc7 32. Qd3 a5 33.
Qe3 Bf8 34. Nf6+ Kh8 35. Ne8 Rcc8 36. Qe5+ Kg8 37. Nf6+ Kh8 38. e3 Bg7 39. Qf4
Bxf6 40. Qxf6+ Kg8 41. Qe7 Rb8 42. Qc7 Ra8 1/2-1/2

[Event "Znojemska rotunda 2001"]
[Site "?"]
[Date "2001.08.21"]
[Round "5"]
[White "Mlensky D."]
[Black "Petlak J."]
[Result "1-0"]
[WhiteElo "2040"]
[BlackElo "1928"]
[PlyCount "85"]

1. e4 e6 2. Qe2 c5 3. Nf3 Nc6 4. g3 Be7 5. Bg2 e5 6. Nc3 d6 7. Nd5 Nf6 8. c3
O-O 9. O-O b6 10. Rd1 Bb7 11. Nxe7+ Qxe7 12. d3 Ne8 13. Bg5 f6 14. Be3 Rd8 15.
a3 a5 16. b4 axb4 17. axb4 Nc7 18. b5 Nxb5 19. Qb2 Nc7 20. Qxb6 Rb8 21. Qb3+
Kh8 22. Rdb1 Bc8 23. Qc2 Bd7 24. Nd2 Rfc8 25. Nc4 Rxb1+ 26. Rxb1 Ra8 27. h4 Rb8
28. Kh2 Be6 29. Nb6 Qe8 30. Rb2 Rb7 31. Nd5 Rxb2 32. Qxb2 Bxd5 33. exd5 Ne7 34.
Qb7 Qc8 35. Qb3 Qg8 36. c4 g6 37. Bxc5 Ne8 38. Ba3 Nf5 39. Qb8 Qf8 40. Bh3 Kg7
41. Qc8 Nd4 42. Bd7 Nc2 43. Bc1 1-0

[Event "Znojemska rotunda 2001"]
[Site "?"]
[Date "2001.08.21"]
[Round "5"]
[White "Vlk M."]
[Black "Dvorak L."]
[Result "0-1"]
[WhiteElo "1919"]
[BlackElo "1928"]
[PlyCount "118"]

1. d4 Nf6 2. c4 c5 3. d5 b5 4. cxb5 a6 5. bxa6 Bxa6 6. Nc3 g6 7. e4 Bxf1 8.
Kxf1 d6 9. h3 Bg7 10. Nge2 Qb6 11. Kg1 Nbd7 12. Qc2 O-O 13. Kh2 Rfb8 14. Rb1
Ne5 15. b3 Qa6 16. a4 Nd3 17. Be3 Nd7 18. Nb5 Nb4 19. Qd2 Rc8 20. Nc1 Ne5 21.
f4 Nd7 22. Nd3 Nxd3 23. Qxd3 c4 24. bxc4 Qxa4 25. Rhc1 Qa2 26. Qc2 Qxc2 27.
Rxc2 Nf6 28. c5 dxc5 29. Rxc5 Nxe4 30. Rxc8+ Rxc8 31. Rd1 Rd8 32. Rd3 Rd7 33.
Na7 e6 34. Nc6 Bf8 35. d6 Rxd6 36. Rxd6 Bxd6 37. g3 h5 38. Kg2 Kf8 39. Kf3 Nc3
40. Nd4 Nd5 41. Nb5 Ke7 42. Nxd6 Kxd6 43. Bd4 Ne7 44. g4 hxg4+ 45. hxg4 Kd5 46.
Bf2 Nc6 47. Bb6 Nb8 48. Bf2 Nd7 49. Be3 f6 50. Bc1 e5 51. fxe5 fxe5 52. Ke3 Nb6
53. Kd3 Nc4 54. Bh6 e4+ 55. Ke2 Ne5 56. g5 Ng4 57. Bg7 Ke6 58. Bf8 Kf5 59. Be7
Ne5 0-1

[Event "Znojemska rotunda 2001"]
[Site "?"]
[Date "2001.08.22"]
[Round "6"]
[White "Roesner T."]
[Black "Dvorak M."]
[Result "1-0"]
[WhiteElo "1803"]
[BlackElo "1548"]
[PlyCount "39"]

1. e4 e5 2. Nf3 Nc6 3. d4 exd4 4. Bc4 h6 5. Nxd4 Nxd4 6. Qxd4 c6 7. Nc3 b5 8.
Bb3 c5 9. Qd5 c4 10. Qxa8 cxb3 11. axb3 a6 12. Nd5 Bc5 13. Bf4 d6 14. b4 Bd4
15. O-O-O Bxf2 16. Qc6+ Bd7 17. Nc7+ Kf8 18. Bxd6+ Ne7 19. Bxe7+ Kxe7 20. Qd6#
1-0

[Event "Znojemska rotunda 2001"]
[Site "?"]
[Date "2001.08.22"]
[Round "6"]
[White "Gutdeutsch O."]
[Black "Holcapfl J."]
[Result "1-0"]
[WhiteElo "2060"]
[BlackElo "1867"]
[PlyCount "69"]

1. d4 Nf6 2. Nf3 d5 3. Bg5 h6 4. Bh4 Bf5 5. e3 Nbd7 6. Bd3 Be4 7. Nbd2 Bxd3 8.
cxd3 e6 9. Ne5 Be7 10. O-O O-O 11. Nxd7 Qxd7 12. Bxf6 Bxf6 13. f4 Rfc8 14. g4
c5 15. Nf3 cxd4 16. g5 Be7 17. Ne5 Qe8 18. gxh6 gxh6 19. Rf3 Bf6 20. Rg3+ Bg7
21. Qg4 Qf8 22. Nd7 f5 23. Qg6 Qf7 24. Nf6+ Kf8 25. Nh7+ Kg8 26. Qxh6 dxe3 27.
Kh1 Rc7 28. Rag1 e2 29. Rg6 Rac8 30. Ng5 e1=Q 31. Rxe1 Kf8 32. Rxg7 Qxg7 33.
Nxe6+ Kg8 34. Nxg7 Rxg7 35. Qe6+ 1-0

[Event "Znojemska rotunda 2001"]
[Site "?"]
[Date "2001.08.22"]
[Round "6"]
[White "Kudlacek M."]
[Black "Kosik J."]
[Result "0-1"]
[WhiteElo "1486"]
[BlackElo "1377"]
[PlyCount "48"]

1. g3 e6 2. Bg2 Nf6 3. Nf3 d5 4. O-O Be7 5. b3 O-O 6. Bb2 Nbd7 7. d4 c5 8. dxc5
Bxc5 9. Nbd2 Re8 10. Rc1 b6 11. c4 Ba6 12. cxd5 exd5 13. Re1 Ng4 14. e3 Nde5
15. Nxe5 Nxe5 16. Nf3 Nd3 17. Bd4 Nxe1 18. Nxe1 Bxd4 19. Qxd4 Bb7 20. Nd3 Qd6
21. Nb4 Red8 22. Rd1 Rac8 23. Bxd5 Bxd5 24. e4 Bxe4 0-1

[Event "Znojemska rotunda 2001"]
[Site "?"]
[Date "2001.08.22"]
[Round "6"]
[White "Spilka J."]
[Black "Macoun V."]
[Result "1-0"]
[WhiteElo "1550"]
[BlackElo "1550"]
[PlyCount "89"]

1. d4 d5 2. c4 c6 3. cxd5 cxd5 4. Nc3 Nf6 5. Bf4 h6 6. Nf3 e6 7. g3 Bb4 8. a3
Ba5 9. b4 Bc7 10. Bxc7 Qxc7 11. Rc1 O-O 12. Nxd5 Qd8 13. Nc7 Nc6 14. Nxa8 Bd7
15. b5 Na5 16. Nc7 Ne4 17. e3 Nd6 18. a4 a6 19. bxa6 bxa6 20. Bxa6 Ne4 21. O-O
Bc6 22. Ne5 Qxc7 23. Nxc6 Nxc6 24. Bb5 Qa5 25. Rxc6 Nc3 26. Qc2 Nxb5 27. axb5
Qxb5 28. Rb1 Qa5 29. Qe4 Qa8 30. Rbc1 g6 31. h3 g5 32. Kg2 Kg7 33. Qe5+ Kg8 34.
e4 Qd8 35. Kf3 Qd7 36. Rd6 Qe7 37. Rdc6 Qd7 38. d5 exd5 39. Qf5 dxe4+ 40. Qxe4
Qb7 41. g4 Qb3+ 42. R1c3 Qd1+ 43. Kg2 Qd7 44. Rxh6 Qa7 45. Qh7# 1-0

[Event "Znojemska rotunda 2001"]
[Site "?"]
[Date "2001.08.22"]
[Round "6"]
[White "Molik Zd."]
[Black "Amerling M."]
[Result "1-0"]
[WhiteElo "2123"]
[BlackElo "1939"]
[PlyCount "51"]

1. e4 c5 2. Nf3 Nc6 3. Bb5 g6 4. O-O Bg7 5. Re1 Qc7 6. c3 Nf6 7. d4 cxd4 8.
cxd4 O-O 9. d5 Ne5 10. Nc3 d6 11. h3 a6 12. Bf1 Nh5 13. Nd4 Bd7 14. Bg5 Nf6 15.
Rc1 Be8 16. Qd2 Qa5 17. b4 Qd8 18. Bh6 Rc8 19. Bxg7 Kxg7 20. f4 Nc4 21. Bxc4
Rxc4 22. e5 Ng8 23. Ne4 Rxc1 24. Rxc1 Qb6 25. Kh2 f6 26. Ne6+ 1-0

[Event "Znojemska rotunda 2001"]
[Site "?"]
[Date "2001.08.22"]
[Round "6"]
[White "Jurica P."]
[Black "Svoboda J. ml."]
[Result "1-0"]
[WhiteElo "2140"]
[BlackElo "1550"]
[PlyCount "37"]

1. e4 e5 2. d4 exd4 3. Qxd4 Nc6 4. Qe3 d6 5. Bd2 Nf6 6. Nc3 Be7 7. O-O-O O-O 8.
f4 Ng4 9. Qe1 Re8 10. h3 Nh6 11. Nf3 f6 12. Bc4+ Kf8 13. g4 Nf7 14. Qh4 h6 15.
Qh5 Nh8 16. Nh4 Qd7 17. g5 fxg5 18. fxg5 Bd8 19. Rhf1+ 1-0

[Event "Znojemska rotunda 2001"]
[Site "?"]
[Date "2001.08.22"]
[Round "6"]
[White "Majer J."]
[Black "Rulfova Z."]
[Result "1-0"]
[WhiteElo "1550"]
[BlackElo "1350"]
[PlyCount "95"]

1. c4 e5 2. Nc3 Nc6 3. Nf3 d6 4. d4 exd4 5. Nxd4 Nxd4 6. Qxd4 c5 7. Qd3 Be6 8.
Bf4 Nf6 9. O-O-O Be7 10. e4 O-O 11. Bxd6 Ng4 12. Bg3 Qxd3 13. Bxd3 Rad8 14. h3
Nf6 15. Nd5 Nxd5 16. exd5 Bc8 17. d6 Bf6 18. Rhe1 Bd7 19. Be5 Bxe5 20. Rxe5 b6
21. g4 g6 22. Be4 Be6 23. b3 Rd7 24. f4 f5 25. Bc6 fxg4 26. Bxd7 Bxd7 27. hxg4
Bxg4 28. Rd2 Bd7 29. Re7 Rd8 30. Rh2 h5 31. Rg2 Bf5 32. Rd2 Bd7 33. Kd1 a6 34.
a4 h4 35. Ke1 Kf8 36. Rh7 Re8+ 37. Kf2 Bf5 38. d7 Rd8 39. Rd6 g5 40. Rh5 Rxd7
41. Rf6+ Rf7 42. fxg5 Kg7 43. Rxf7+ Kxf7 44. Rxh4 Bc2 45. Rh3 a5 46. Ke2 Bf5
47. Rg3 Kg6 48. Ke3 1-0

[Event "Znojemska rotunda 2001"]
[Site "?"]
[Date "2001.08.22"]
[Round "6"]
[White "Markovic I."]
[Black "Doeekal J."]
[Result "0-1"]
[WhiteElo "2235"]
[BlackElo "1956"]
[PlyCount "86"]

1. e4 e6 2. d3 Be7 3. Nf3 b6 4. g3 Bb7 5. Bg2 d5 6. Nbd2 Nf6 7. e5 Nfd7 8. Qe2
c5 9. O-O O-O 10. Re1 Nc6 11. c3 Qc7 12. Nf1 Rac8 13. h4 Rfe8 14. N1h2 Ba6 15.
Bf4 b5 16. Ng4 Qb6 17. Ng5 b4 18. Bh3 Nd8 19. c4 Bb7 20. Ne3 d4 21. Nd5 Qc6 22.
Bg2 exd5 23. cxd5 Qb5 24. Nxh7 Kxh7 25. Qh5+ Kg8 26. Be4 Nf8 27. Qg4 Qd7 28. e6
Ndxe6 29. dxe6 Nxe6 30. Bxb7 Qxb7 31. Rxe6 fxe6 32. Qxe6+ Kh8 33. Qf7 Rf8 34.
Qh5+ Kg8 35. Re1 Rf7 36. Qg4 Rcf8 37. h5 Qc8 38. Qg6 Rf6 39. Qe4 Bd8 40. h6 Qf5
41. hxg7 Kxg7 42. Qg2 Re6 43. Rc1 Bg5 0-1

[Event "Znojemska rotunda 2001"]
[Site "?"]
[Date "2001.08.22"]
[Round "6"]
[White "Petlak J."]
[Black "Dobes O."]
[Result "1-0"]
[WhiteElo "1928"]
[BlackElo "2042"]
[PlyCount "77"]

1. e4 c5 2. g3 Nc6 3. Bg2 Nf6 4. c3 d5 5. exd5 Nxd5 6. Nf3 e6 7. O-O Be7 8. d4
O-O 9. Re1 Nf6 10. Ne5 Bd7 11. Nxd7 Qxd7 12. Qa4 cxd4 13. Rd1 Rfd8 14. Be3 e5
15. Na3 Bxa3 16. Qxa3 Qc7 17. Bg5 h6 18. Bxf6 gxf6 19. Qb3 dxc3 20. Qxc3 Qb6
21. Qf3 Nd4 22. Qg4+ Kh8 23. Qh5 Kg7 24. b3 Rd6 25. Qg4+ Kh8 26. Be4 Rad8 27.
Qh5 Kg7 28. Qg4+ Kf8 29. Re1 f5 30. Bxf5 Nxf5 31. Qxf5 Rf6 32. Qc2 Re8 33. Re3
Kg7 34. Rae1 Rfe6 35. Qc3 f6 36. Qc2 Rd6 37. Qf5 Red8 38. h4 Rd1 39. Qg4+ 1-0

[Event "Znojemska rotunda 2001"]
[Site "?"]
[Date "2001.08.22"]
[Round "6"]
[White "Voborny D."]
[Black "Vlk M."]
[Result "0-1"]
[WhiteElo "1703"]
[BlackElo "1919"]
[PlyCount "80"]

1. d4 d5 2. c4 e6 3. e3 Nf6 4. Nc3 Nbd7 5. Nf3 Be7 6. Bd2 O-O 7. cxd5 exd5 8.
Bd3 b6 9. Rc1 Bb7 10. O-O c5 11. Ne2 c4 12. Bf5 Bd6 13. Qa4 a6 14. Bb4 b5 15.
Qa3 Bxb4 16. Qxb4 Qc7 17. a4 Bc6 18. axb5 axb5 19. Bxd7 Bxd7 20. Nc3 Qa5 21.
Qd6 b4 22. Ne2 Ra6 23. Qf4 Rfa8 24. Ne5 Bb5 25. Rfe1 Qa2 26. Ng3 Qxb2 27. Nf5
Be8 28. Qg5 g6 29. g4 Ne4 30. Nh6+ Kf8 31. Qh4 g5 32. Qh5 Qxf2+ 33. Kh1 Ra2 34.
Rg1 R8a7 35. Nhxf7 Bxf7 36. Qh6+ Ke8 37. Qc6+ Kf8 38. Qh6+ Kg8 39. Rcf1 Qh4 40.
Nxf7 Rxh2# 0-1

[Event "Znojemska rotunda 2001"]
[Site "?"]
[Date "2001.08.22"]
[Round "6"]
[White "Dvorak L."]
[Black "Pokorny J."]
[Result "0-1"]
[WhiteElo "1928"]
[BlackElo "1648"]
[PlyCount "68"]

1. Nf3 d5 2. c4 e6 3. g3 Nf6 4. Bg2 Nbd7 5. d4 dxc4 6. Qa4 c6 7. Qxc4 Qc7 8.
Nc3 Nb6 9. Qd3 Be7 10. e4 h6 11. Bf4 Qd8 12. O-O Nh5 13. Be3 O-O 14. Rfd1 Nf6
15. a3 a5 16. Rac1 Bd7 17. Ne5 Rc8 18. d5 cxd5 19. Bxb6 Qxb6 20. exd5 Bc5 21.
Rc2 Rfd8 22. Nxd7 Rxd7 23. Na4 Qd6 24. Qb5 Rdc7 25. Qxa5 exd5 26. b4 Bxb4 27.
Rxc7 Bxa5 28. Rxc8+ Kh7 29. Nc3 Qe6 30. Rc5 Bb6 31. Bxd5 Nxd5 32. Rcxd5 Qf6 33.
Ne4 Qf3 34. Nc5 Bxc5 0-1

[Event "Znojemska rotunda 2001"]
[Site "?"]
[Date "2001.08.22"]
[Round "6"]
[White "Svoboda J. st."]
[Black "Urban V."]
[Result "0-1"]
[WhiteElo "1726"]
[BlackElo "1920"]
[PlyCount "78"]

1. Nf3 e6 2. c4 d5 3. d4 dxc4 4. Nc3 a6 5. e4 b5 6. a4 b4 7. Na2 Bb7 8. e5 Bd5
9. Be3 Nc6 10. Be2 Rb8 11. O-O Nge7 12. Nc1 b3 13. Ng5 Nf5 14. Nh3 Nb4 15. Bf3
Nc2 16. Bg5 Qd7 17. Bxd5 Qxd5 18. Nf4 Qxd4 19. Qf3 Qb6 20. Rb1 h6 21. Qh5 Rg8
22. g4 hxg5 23. gxf5 g6 24. Qxg5 Nd4 25. Kh1 Nxf5 26. Nh5 Qc6+ 27. f3 Be7 28.
Nf6+ Bxf6 29. exf6 Rh8 30. Ne2 Rh5 31. Qf4 Qd6 32. Rfd1 Qxf4 33. Nxf4 Rh4 34.
Ne2 Ne3 35. Rd2 Nd5 36. Rbd1 c5 37. Ng3 Rd4 38. Rxd4 cxd4 39. Rxd4 c3 0-1

[Event "Znojemska rotunda 2001"]
[Site "?"]
[Date "2001.08.22"]
[Round "6"]
[White "Antos J."]
[Black "Blazek M."]
[Result "0-1"]
[WhiteElo "1680"]
[BlackElo "2116"]
[PlyCount "78"]

1. e4 c5 2. Nf3 d6 3. d4 cxd4 4. Nxd4 Nf6 5. Nc3 g6 6. Bc4 Bg7 7. Be3 O-O 8. f3
Nc6 9. Bb3 Bd7 10. Qd2 Qb8 11. h4 a5 12. a4 Rc8 13. h5 Nxh5 14. Nd5 Kh8 15. Nb6
Qc7 16. Nb5 Qd8 17. c3 Ne5 18. Nxa8 Rxa8 19. Nd4 Rc8 20. Kf2 Nf6 21. Ne2 Neg4+
22. Ke1 Nxe3 23. Qxe3 Kg8 24. Nf4 b5 25. axb5 Bxb5 26. Ba4 Qd7 27. Bxb5 Qxb5
28. Nd3 Rc7 29. Kf2 e5 30. Ra3 d5 31. exd5 Nxd5 32. Qd2 Bf8 33. b4 axb4 34. Ra8
Qb6+ 35. Kg3 Ne3 36. Nxb4 Nf5+ 37. Kh3 Rc4 38. g3 Kg7 39. Qd3 39... Qf2 {Time}
0-1

[Event "Znojemska rotunda 2001"]
[Site "?"]
[Date "2001.08.22"]
[Round "6"]
[White "Most Zd."]
[Black "Mlensky D."]
[Result "0-1"]
[WhiteElo "2090"]
[BlackElo "2040"]
[PlyCount "86"]

1. d4 d5 2. Nf3 Bg4 3. c4 Nc6 4. Nc3 e6 5. e3 Nf6 6. Bd3 Nb4 7. Be2 Bxf3 8.
Bxf3 dxc4 9. Bxb7 Rb8 10. Bf3 Nd3+ 11. Kf1 Bb4 12. Qa4+ Nd7 13. a3 Bd6 14. Nd1
Nxc1 15. Rxc1 O-O 16. Qxc4 e5 17. g3 exd4 18. exd4 Kh8 19. Kg2 f5 20. b4 f4 21.
Nc3 a5 22. Ne4 axb4 23. Nxd6 cxd6 24. axb4 Qf6 25. g4 Qg5 26. Rb1 Qh4 27. b5
Nf6 28. h3 Rbe8 29. Rbe1 Rc8 30. Qd3 d5 31. Re5 Ne4 32. Bxe4 dxe4 33. Rxe4 f3+
34. Kf1 Rc1+ 35. Re1 Qg5 36. Qe3 Qxb5+ 37. Kg1 Rxe1+ 38. Qxe1 Re8 39. Qf1 Qd7
40. Qd1 Re2 41. Qa1 Qe8 42. Kf1 Qb8 43. Kg1 Rb2 0-1

[Event "Znojemska rotunda 2001"]
[Site "?"]
[Date "2001.08.23"]
[Round "7"]
[White "Majer J."]
[Black "Roesner T."]
[Result "1/2-1/2"]
[WhiteElo "1550"]
[BlackElo "1803"]
[PlyCount "66"]

1. e4 e5 2. Nf3 Nc6 3. d4 exd4 4. Bc4 Bc5 5. O-O Nf6 6. Re1 O-O 7. Bg5 d6 8. e5
dxe5 9. Nxe5 Nxe5 10. Rxe5 Bd6 11. Re4 c5 12. Nd2 h6 13. Bxf6 Qxf6 14. Bd5
Bxh2+ 15. Kxh2 Qd6+ 16. Kg1 Qxd5 17. Qe2 b6 18. Re5 Ba6 19. Qh5 Qc6 20. Rae1
Rae8 21. Re7 d3 22. cxd3 Bxd3 23. b3 Bg6 24. Qe2 Rxe7 25. Qxe7 a6 26. Nc4 b5
27. Ne5 Qf6 28. Qxc5 Re8 29. Re3 Qf5 30. Nxg6 $1 30... Qb1+ $4 31. Kh2 Rxe3 32.
Qxe3 $4 (32. Qc8+ Kh7 33. Nf8+ Kg8 34. fxe3 $18) 32... fxg6 33. Qe6+ Kh7
1/2-1/2

[Event "Znojemska rotunda 2001"]
[Site "?"]
[Date "2001.08.23"]
[Round "7"]
[White "Pokorny J."]
[Black "Petlak J."]
[Result "0-1"]
[WhiteElo "1648"]
[BlackElo "1928"]
[PlyCount "84"]

1. e4 e5 2. Nf3 Nc6 3. Bb5 a6 4. Ba4 Nf6 5. O-O Be7 6. Re1 b5 7. Bb3 O-O 8. c3
d5 9. exd5 Nxd5 10. d4 exd4 11. Nxd4 Nxd4 12. Qxd4 c6 13. Nd2 Bf6 14. Qd3 g6
15. Ne4 Bg7 16. Qf3 Bf5 17. Bf4 Qb6 18. Rad1 Rad8 19. Ng3 Be6 20. Be3 Qc7 21.
Rd2 Qc8 22. h3 Qc7 23. Bc5 Rfe8 24. Red1 h5 25. Ne4 Bf5 26. Ng3 Be6 27. Ne4 Bc8
28. c4 bxc4 29. Bxc4 Qe5 30. Ng3 Qc7 31. Ba3 Re5 32. Bxd5 Rdxd5 33. Rxd5 cxd5
34. Rxd5 Re1+ 35. Kh2 h4 36. Rc5 hxg3+ 37. fxg3 Qb7 38. Qf4 Be6 39. Qd2 Qe4 40.
Rc2 Bd4 41. Bb4 Rb1 42. Rc1 Rxb2 0-1

[Event "Znojemska rotunda 2001"]
[Site "?"]
[Date "2001.08.23"]
[Round "7"]
[White "Antos O."]
[Black "Voborny D."]
[Result "0-1"]
[WhiteElo "1750"]
[BlackElo "1703"]
[PlyCount "96"]

1. e4 c5 2. Nf3 Nc6 3. d4 cxd4 4. Nxd4 d6 5. Nc3 Nf6 6. Bb5 Bd7 7. O-O e6 8. a4
Be7 9. Be3 O-O 10. Nce2 Nxe4 11. c3 Nxd4 12. Nxd4 Bxb5 13. axb5 a6 14. b6 d5
15. Qg4 Rc8 16. f3 Nf6 17. Qg3 Bd6 18. Qf2 Bc5 19. Kh1 Qxb6 20. Rab1 e5 21. Nf5
Bxe3 22. Nxe3 Rcd8 23. h3 Qb3 24. Nf5 Rfe8 25. Qg3 g6 26. Qg5 Re6 27. Rfe1 Qc2
28. g4 e4 29. Nd4 Qf2 30. Rf1 Qg3 31. Nxe6 exf3 32. Nf4 Rd6 33. Qe5 Ne4 34.
Qe8+ Kg7 35. Qe5+ Kg8 36. Qe8+ Kg7 37. Qe5+ f6 38. Qe7+ Kh6 39. Qxd6 Nxd6 40.
Rxf3 Qxf3+ 41. Ng2 Ne4 42. Kh2 Qg3+ 43. Kg1 Ng5 44. Rf1 Nxh3+ 45. Kh1 Nf2+ 46.
Rxf2 Qxf2 47. Kh2 Kg5 48. Kh1 Kxg4 0-1

[Event "Znojemska rotunda 2001"]
[Site "?"]
[Date "2001.08.23"]
[Round "7"]
[White "Svoboda J. st."]
[Black "Dvorak L."]
[Result "1-0"]
[WhiteElo "1726"]
[BlackElo "1928"]
[PlyCount "67"]

1. c4 Nf6 2. Nc3 c5 3. Nf3 Nc6 4. d4 cxd4 5. Nxd4 Nxd4 6. Qxd4 g6 7. e4 d6 8.
Bg5 Bg7 9. Be2 O-O 10. O-O Be6 11. Qd2 Rc8 12. b3 b5 13. e5 dxe5 14. Qxd8 Rfxd8
15. Nxb5 a6 16. Nc3 h6 17. Be3 Ng4 18. Bb6 Rd6 19. c5 Rd2 20. Rad1 e4 21. Rxd2
Bxc3 22. Rc2 Bd4 23. h3 Ne5 24. Bxa6 e3 25. fxe3 Bxe3+ 26. Kh1 Ra8 27. Bb5 f5
28. Bc7 Nf7 29. Re1 f4 30. Bxf4 Bxb3 31. axb3 Bxf4 32. Bc4 Kg7 33. Bxf7 Kxf7
34. Rf2 1-0

[Event "Znojemska rotunda 2001"]
[Site "?"]
[Date "2001.08.23"]
[Round "7"]
[White "Dvorak M."]
[Black "Kudlacek M."]
[Result "0-1"]
[WhiteElo "1548"]
[BlackElo "1486"]
[PlyCount "100"]

1. d4 d5 2. c4 e6 3. c5 Nf6 4. Nc3 Be7 5. Bf4 O-O 6. e3 c6 7. h3 Nbd7 8. Nf3 b5
9. b4 a5 10. a3 a4 11. Bd3 h6 12. Bc2 Re8 13. Qd3 Nf8 14. Ne5 Bd7 15. g4 N6h7
16. Nf3 Ng5 17. Nxg5 Bxg5 18. Ne2 Bxf4 19. Nxf4 e5 20. Ne2 e4 21. Qd2 Qf6 22.
Nf4 Ng6 23. O-O-O Nh4 24. Qe2 Nf3 25. Nh5 Qh4 26. Qf1 Re7 27. Qg2 Rf8 28. Rdf1
Qg5 29. Bd1 Nh4 30. Qg3 Rfe8 31. Nf4 Be6 32. Ng2 Nxg2 33. Qxg2 f5 34. h4 Qg6
35. g5 h5 36. Qg3 Rf8 37. Qd6 Ref7 38. Qxc6 f4 39. Qxb5 Bd7 40. Qe2 Bg4 41. Qc2
Bxd1 42. Qxd1 Qa6 43. Qxh5 fxe3 44. g6 Qc4+ 45. Kd1 Qd3+ 46. Kc1 Qxa3+ 47. Kc2
Rxf2+ 48. Rxf2 Rxf2+ 49. Qe2 Rxe2+ 50. Kd1 Qa2 0-1

[Event "Znojemska rotunda 2001"]
[Site "?"]
[Date "2001.08.23"]
[Round "7"]
[White "Urban V."]
[Black "Most Zd."]
[Result "1/2-1/2"]
[WhiteElo "2092"]
[BlackElo "1926"]
[PlyCount "53"]

1. d4 Nf6 2. c4 g6 3. Nc3 Bg7 4. e4 d6 5. f4 O-O 6. Nf3 c5 7. d5 Na6 8. Be2 Nc7
9. O-O a6 10. a4 b6 11. Kh1 Bd7 12. Be3 Rb8 13. Nd2 b5 14. e5 Nfe8 15. Nce4
bxa4 16. Ra2 Rb4 17. Nf2 Na8 18. Nd3 Rb8 19. b3 Qc7 20. bxa4 Bf5 21. Nb3 Nb6
22. Ndc1 Nd7 23. Qd2 dxe5 24. Na5 Nef6 25. Nc6 Ne4 26. Qe1 Rb7 27. Nd3 1/2-1/2

[Event "Znojemska rotunda 2001"]
[Site "?"]
[Date "2001.08.23"]
[Round "7"]
[White "Vlk M."]
[Black "Markovic I."]
[Result "0-1"]
[WhiteElo "1919"]
[BlackElo "2235"]
[PlyCount "62"]

1. d4 g6 2. c4 Bg7 3. Nc3 c5 4. e3 Nf6 5. Nf3 O-O 6. Be2 b6 7. O-O d6 8. d5 Na6
9. e4 Nc7 10. Qc2 a6 11. a4 Rb8 12. h3 Bd7 13. Bd2 Nfe8 14. Ra2 b5 15. axb5
axb5 16. Nxb5 Nxb5 17. cxb5 Bxb5 18. Bxb5 Rxb5 19. Bc3 Qb6 20. e5 Nc7 21. Rd1
Qb7 22. Qd3 Rd8 23. e6 fxe6 24. dxe6 Nxe6 25. Qe3 Nf8 26. Re1 e5 27. Ng5 h6 28.
Ne4 Ne6 29. Nxd6 Rxd6 30. Bxe5 Rd8 31. Bxg7 Nxg7 0-1